[Event "EU-ch Online U2300 Qual"]
[Site "Chess.com INT"]
[Date "2020.05.25"]
[Round "5"]
[White "Svane, Frederik"]
[Black "Theuretzbacher, Klaus"]
[Result "1-0"]
[WhiteElo "2421"]
[BlackElo "2177"]
[PlyCount "83"]
[EventDate "2020.05.25"]
[EventType "swiss"]
[EventRounds "8"]
[EventCountry "NET"]
[SourceTitle "EXT 2021"]
[Source "ChessBase"]
[SourceDate "2020.10.23"]
[SourceVersion "1"]
[SourceVersionDate "2020.10.23"]
[SourceQuality "1"]

1. e4 d5 2. exd5 Qxd5 3. Nc3 Qd6 4. d4 Nf6 5. Nf3 a6 6. a4 Bg4 7. h3 Bh5 8. g4 Bg6 9. Ne5 Nc6 10. Nxc6 Qxc6 11. d5 Qd7 12. Bg2 e5 13. 0-0 Bd6 14. Bg5 h6 15. Bxf6 gxf6 16. Ne4 0-0-0 17. Nxf6 Qe7 18. Qf3 Bxc2 19. b4 Kb8 20. a5 h5 21. Rfc1 hxg4 22. hxg4 e4 23. Nxe4 Bxe4 24. Qxe4 Qxe4 25. Bxe4 Bxb4 26. Rcb1 Bd6 27. Rb3 Rde8 28. Bf5 Bc5 29. Rab1 b6 30. d6 Re2 31. dxc7+ Kxc7 32. axb6+ Kb7 33. Rf3 Bxb6 34. Bd3 Re7 35. Rf6 Re6 36. Rxf7+ Kc6 37. Bxa6 Reh6 38. Bb7+ Kd6 39. Rxb6+ Ke5 40. Rxh6 Rxh6 41. Rf5+ Ke6 42. Bf3 1-0

[Event "Zadar op-A 25th"]
[Site "Zadar"]
[Date "2018.12.22"]
[Round "9"]
[White "Trippold, Denise"]
[Black "Theuretzbacher, Klaus"]
[Result "1/2-1/2"]
[WhiteElo "2211"]
[BlackElo "2208"]
[PlyCount "80"]
[EventDate "2018.12.15"]
[EventType "swiss"]
[EventRounds "9"]
[EventCountry "CRO"]
[SourceTitle "EXT 2021"]
[Source "ChessBase"]
[SourceDate "2020.10.23"]
[SourceVersion "1"]
[SourceVersionDate "2020.10.23"]
[SourceQuality "1"]

1. d4 Nf6 2. c4 c5 3. d5 b5 4. cxb5 a6 5. bxa6 g6 6. Nc3 Bxa6 7. Nf3 d6 8. e4 Bxf1 9. Kxf1 Bg7 10. g3 Nbd7 11. Kg2 0-0 12. a4 Qb6 13. Qc2 Ng4 14. Nb5 Nge5 15. Nxe5 Nxe5 16. f4 Nd7 17. Re1 Qb7 18. Bd2 Nb6 19. Bc3 Nxa4 20. Nxd6 exd6 21. Rxa4 Rxa4 22. Qxa4 Bxc3 23. bxc3 Qb2+ 24. Kh3 Qxc3 25. Rb1 Qf3 26. Qc4 Re8 27. Re1 f5 28. e5 Rb8 29. Qe2 Qxd5 30. exd6 Qxd6 31. Qc4+ Kg7 32. Re6 Qd1 33. Qc3+ Kh6 34. Re7 Qd4 35. Qa5 Rb2 36. Qc7 Rxh2+ 37. Kxh2 Qf2+ 38. Kh3 Qf1+ 39. Kh2 Qf2+ 40. Kh3 Qf1+ 1/2-1/2

[Event "Zadar op-A 25th"]
[Site "Zadar"]
[Date "2018.12.20"]
[Round "7"]
[White "Michalicka, Milan"]
[Black "Theuretzbacher, Klaus"]
[Result "1/2-1/2"]
[WhiteElo "2205"]
[BlackElo "2208"]
[PlyCount "81"]
[EventDate "2018.12.15"]
[EventType "swiss"]
[EventRounds "9"]
[EventCountry "CRO"]
[SourceTitle "CBM 187 Extra"]
[Source "ChessBase"]
[SourceDate "2018.11.04"]
[SourceVersion "1"]
[SourceVersionDate "2018.11.04"]
[SourceQuality "1"]

1. d4 Nf6 2. c4 c5 3. d5 b5 4. cxb5 a6 5. bxa6 g6 6. Nc3 Bxa6 7. e4 Bxf1 8. Kxf1 d6 9. g3 Bg7 10. Kg2 Nbd7 11. Nf3 0-0 12. a4 Qa5 13. Bd2 Qb4 14. Qc2 Rfb8 15. Rab1 Qb3 16. Rhc1 Ng4 17. Bg5 Qxc2 18. Rxc2 Bxc3 19. Rxc3 f6 20. Bf4 Rxa4 21. h3 Nge5 22. Nd2 Ra2 23. b3 Rb4 24. Nc4 Re2 25. Be3 Ra2 26. Bf4 Nb6 27. Nxb6 Rxb6 28. Bxe5 fxe5 29. Re1 Rb2 30. Ree3 Ra6 31. g4 Kf7 32. Rf3+ Ke8 33. g5 Raa2 34. Rce3 Rd2 35. h4 Rac2 36. Rd3 Re2 37. Rde3 Rcd2 38. Kg3 Rc2 39. Kg2 Rcd2 40. Kg3 Rc2 41. Kg2 1/2-1/2

[Event "Zadar op-A 25th"]
[Site "Zadar"]
[Date "2018.12.16"]
[Round "2"]
[White "Bratovic, Blaz"]
[Black "Theuretzbacher, Klaus"]
[Result "1-0"]
[WhiteElo "2307"]
[BlackElo "2208"]
[PlyCount "71"]
[EventDate "2018.12.15"]
[EventType "swiss"]
[EventRounds "9"]
[EventCountry "CRO"]
[SourceTitle "CBM 187 Extra"]
[Source "ChessBase"]
[SourceDate "2018.11.04"]
[SourceVersion "1"]
[SourceVersionDate "2018.11.04"]
[SourceQuality "1"]

1. e4 d5 2. exd5 Qxd5 3. Nc3 Qd6 4. d4 Nf6 5. Nf3 a6 6. Bd3 Bg4 7. h3 Bh5 8. 0-0 Nc6 9. Ne4 Nxe4 10. Bxe4 0-0-0 11. c3 Bg6 12. Bxg6 Qxg6 13. Qe2 Qf5 14. b4 g5 15. a4 Rg8 16. b5 Nb8 17. bxa6 Nxa6 18. g4 Qg6 19. Bd2 h5 20. Rab1 hxg4 21. Ne5 Qe6 22. Qe4 c6 23. Qc2 gxh3 24. Qb2 Rd7 25. Qb3 Qf5 26. Qxf7 Qxf7 27. Nxf7 Bg7 28. Rfe1 Bf6 29. Ne5 Rd5 30. Ng4 Nc7 31. Kh2 Rh8 32. Ne3 Rd7 33. Nc4 Nd5 34. a5 Rdd8 35. Rg1 Rdg8 36. Rg4 1-0

[Event "AUT-chT2M 1718"]
[Site "Austria"]
[Date "2018.02.10"]
[Round "8.6"]
[White "Theuretzbacher, Klaus"]
[Black "Holzmann, Joerg"]
[Result "0-1"]
[WhiteElo "2254"]
[BlackElo "2172"]
[PlyCount "98"]
[EventDate "2017.10.27"]
[EventType "team-tourn"]
[EventRounds "11"]
[EventCountry "AUT"]
[SourceTitle "EXT 2019"]
[Source "ChessBase"]
[SourceDate "2018.10.10"]
[SourceVersion "1"]
[SourceVersionDate "2018.10.10"]
[SourceQuality "1"]
[WhiteTeam "St Valentin"]
[BlackTeam "Villach Admira"]
[WhiteTeamCountry "AUT"]
[BlackTeamCountry "AUT"]

1. e4 c5 2. b3 d6 3. Bb2 Nf6 4. Bb5+ Bd7 5. Bxd7+ Qxd7 6. d3 Nc6 7. Nd2 g6 8. Ne2 Bg7 9. 0-0 0-0 10. a4 b6 11. Nc4 d5 12. exd5 Nxd5 13. Bxg7 Kxg7 14. Qd2 e5 15. Rae1 Rae8 16. Kh1 Re7 17. Nc3 f6 18. Ne4 h6 19. a5 Nd4 20. Nc3 b5 21. Nxd5 Qxd5 22. Ne3 Qd7 23. f3 h5 24. Rf2 Rfe8 25. Nd1 Qc7 26. Ne3 Qc6 27. Qc1 Ne6 28. Qb2 Nf4 29. Rff1 Qd6 30. g3 Ne6 31. Kg2 Qc6 32. h4 Nd4 33. Qb1 f5 34. Qd1 f4 35. c3 fxe3 36. cxd4 exd4 37. Qe2 Qd5 38. Rc1 a6 39. Kh2 Rf7 40. f4 Rc8 41. Qb2 Kh7 42. Qe2 Rf5 43. g4 hxg4 44. Qxg4 Rcf8 45. b4 c4 46. dxc4 bxc4 47. Rg1 R8f6 48. Qe2 Rxf4 49. Rg2 Rf2 0-1

[Event "AUT-chT2M 1718"]
[Site "Austria"]
[Date "2017.11.24"]
[Round "4.4"]
[White "Hellmayr, Alois"]
[Black "Theuretzbacher, Klaus"]
[Result "1-0"]
[WhiteElo "2208"]
[BlackElo "2254"]
[PlyCount "147"]
[EventDate "2017.10.27"]
[EventType "team-tourn"]
[EventRounds "11"]
[EventCountry "AUT"]
[SourceTitle "CBM 181 Extra"]
[Source "ChessBase"]
[SourceDate "2017.12.12"]
[SourceVersion "1"]
[SourceVersionDate "2017.12.12"]
[SourceQuality "1"]
[WhiteTeam "Sauwald"]
[BlackTeam "St Valentin"]
[WhiteTeamCountry "AUT"]
[BlackTeamCountry "AUT"]

1. Nf3 Nf6 2. g3 b5 3. Bg2 Bb7 4. d4 e6 5. 0-0 Be7 6. c3 a6 7. Bg5 0-0 8. Nbd2 d6 9. Re1 Nbd7 10. e4 h6 11. Bxf6 Nxf6 12. a4 c5 13. Qe2 Qb6 14. e5 dxe5 15. dxe5 Nd5 16. Ne4 Rfd8 17. h4 Bc6 18. axb5 axb5 19. Kh2 Qb8 20. Ned2 Ra4 21. Kg1 Qc7 22. Rxa4 bxa4 23. Nc4 Rb8 24. Qc2 Bb5 25. Nfd2 Qc8 26. Bf1 Bc6 27. Ne4 Qd8 28. Bg2 Qc7 29. Bf1 Nb6 30. Ned2 Bd5 31. Nxb6 Rxb6 32. Nc4 Rb3 33. Nd2 Rb8 34. Nc4 Ba8 35. Bg2 Bd5 36. Bf1 Rb3 37. Nd2 Rb8 38. Nc4 Qc6 39. Ra1 Ra8 40. Ne3 Bb3 41. Bg2 Qc7 42. Qe4 Rb8 43. Bf1 Qb7 44. Qxb7 Rxb7 45. Bc4 f6 46. Bxb3 axb3 47. Nc4 fxe5 48. Nxe5 Bf6 49. Nc4 Kh7 50. Kf1 Kg6 51. Ke2 Rb8 52. Nd2 Rd8 53. Ra3 Kf5 54. Rxb3 g5 55. hxg5 hxg5 56. Rb5 Rd5 57. Nc4 Kg6 58. Ne3 Re5 59. Kd3 Be7 60. Rb6 Kf7 61. Rb7 Ke8 62. f4 gxf4 63. gxf4 Rh5 64. Ke4 Rh1 65. f5 Re1 66. Kd3 Bg5 67. Nc4 e5 68. Nd6+ Kf8 69. Kc4 e4 70. f6 Bxf6 71. Rf7+ Kg8 72. Rxf6 e3 73. Re6 e2 74. Kxc5 1-0

[Event "AUT-chT 1617"]
[Site "Austria"]
[Date "2017.03.25"]
[Round "7.4"]
[White "Danin, Alexandre"]
[Black "Theuretzbacher, Klaus"]
[Result "1-0"]
[WhiteElo "2587"]
[BlackElo "2249"]
[PlyCount "67"]
[EventDate "2016.10.20"]
[EventType "team-tourn"]
[EventRounds "11"]
[EventCountry "AUT"]
[SourceTitle "CBM 177 Extra"]
[Source "ChessBase"]
[SourceDate "2017.04.27"]
[SourceVersion "1"]
[SourceVersionDate "2017.04.27"]
[SourceQuality "1"]
[WhiteTeam "Raika Feffernitz"]
[BlackTeam "St Valentin"]
[WhiteTeamCountry "AUT"]
[BlackTeamCountry "AUT"]

1. e4 d5 2. exd5 Qxd5 3. Nc3 Qd6 4. d4 Nf6 5. Nf3 a6 6. g3 Bg4 7. Bg2 c6 8. 0-0 e6 9. h3 Bxf3 10. Bxf3 Be7 11. b3 0-0 12. Bb2 Nbd7 13. Ne2 Rad8 14. c4 Qb8 15. Qc2 Rfe8 16. Rad1 Bd6 17. Bg2 e5 18. Rfe1 Bb4 19. Rf1 Bd6 20. dxe5 Bxe5 21. Nd4 c5 22. Nf5 g6 23. Ne3 Qc7 24. Rfe1 h5 25. Nd5 Nxd5 26. Bxd5 Kg7 27. Rxe5 Nxe5 28. f4 f6 29. fxe5 fxe5 30. Qe4 Re7 31. Rf1 Rde8 32. Bc1 Qa5 33. Qe3 Rh8 34. Qg5 1-0

[Event "AUT-chT 1617"]
[Site "Austria"]
[Date "2017.03.24"]
[Round "6.3"]
[White "Theuretzbacher, Klaus"]
[Black "Rozentalis, Eduardas"]
[Result "0-1"]
[WhiteElo "2249"]
[BlackElo "2567"]
[PlyCount "68"]
[EventDate "2016.10.20"]
[EventType "team-tourn"]
[EventRounds "11"]
[EventCountry "AUT"]
[SourceTitle "CBM 177 Extra"]
[Source "ChessBase"]
[SourceDate "2017.04.27"]
[SourceVersion "1"]
[SourceVersionDate "2017.04.27"]
[SourceQuality "1"]
[WhiteTeam "St Valentin"]
[BlackTeam "Hohenems"]
[WhiteTeamCountry "AUT"]
[BlackTeamCountry "AUT"]

1. e4 e6 2. Nf3 d5 3. e5 c5 4. b4 Bd7 5. bxc5 Bxc5 6. d4 Be7 7. c3 Qa5 8. Nfd2 Nc6 9. a4 f6 10. f4 Nh6 11. Bd3 fxe5 12. fxe5 0-0 13. Nf3 Be8 14. 0-0 Bh5 15. Ba3 Bxa3 16. Rxa3 Nf5 17. Qd2 h6 18. Rb3 Qc7 19. Na3 a6 20. Rbb1 Rac8 21. Qb2 Ne3 22. Rfe1 Nxg2 23. Qxg2 Rxf3 24. Bg6 Bxg6 25. Qxf3 Rf8 26. Qh3 Bf5 27. Qe3 Bxb1 28. Rxb1 Ne7 29. Qh3 Nf5 30. Nc2 Qc4 31. Ne1 Nxd4 32. Rxb7 Ne2+ 33. Kh1 Qe4+ 34. Qg2 Rf1# 0-1

[Event "AUT-chT2M 1415"]
[Site "Austria"]
[Date "2015.02.27"]
[Round "6.3"]
[White "Halvax, Georg"]
[Black "Theuretzbacher, Klaus"]
[Result "1-0"]
[WhiteElo "2313"]
[BlackElo "2249"]
[PlyCount "95"]
[EventDate "2014.10.03"]
[EventType "team-tourn"]
[EventRounds "11"]
[EventCountry "AUT"]
[SourceTitle "EXT 2016"]
[Source "ChessBase"]
[SourceDate "2015.10.08"]
[SourceVersion "1"]
[SourceVersionDate "2015.10.08"]
[SourceQuality "1"]
[WhiteTeam "Maria Saal II"]
[BlackTeam "St Valentin"]
[WhiteTeamCountry "AUT"]
[BlackTeamCountry "AUT"]

1. e4 d5 2. exd5 Qxd5 3. Nc3 Qd8 4. Bc4 Nf6 5. d3 e6 6. Bg5 Be7 7. Qd2 Nbd7 8. Nf3 a6 9. h4 b5 10. Bb3 c5 11. a4 b4 12. Ne2 Qc7 13. Rh3 Bd6 14. Kf1 Bb7 15. Re1 Nd5 16. Bxd5 Bxd5 17. Nf4 0-0 18. Bh6 gxh6 19. Rg3+ Kh8 20. Nxd5 exd5 21. Qxh6 Rg8 22. Rxg8+ Rxg8 23. Ng5 Rxg5 24. Qxg5 Nf8 25. Qxd5 Ne6 26. Qa8+ Kg7 27. Qxa6 Be5 28. Re4 h5 29. Qa8 Bd4 30. g3 Qd7 31. a5 b3 32. cxb3 Bxb2 33. a6 Qxd3+ 34. Kg2 Nc7 35. Qc6 Nxa6 36. Ra4 Nb4 37. Qxc5 Nd5 38. Qc4 Qd2 39. Qe4 Nf6 40. Qf4 Qd5+ 41. Qf3 Qb5 42. Rf4 Qb6 43. Rf5 Bc1 44. Qc3 Bh6 45. Rxh5 Kg6 46. Qd3+ Kg7 47. Rf5 Ng4 48. Qf3 1-0

[Event "AUT-chT2M 1415"]
[Site "Austria"]
[Date "2014.10.03"]
[Round "1.3"]
[White "Theuretzbacher, Klaus"]
[Black "Mayerhofer, Peter"]
[Result "1/2-1/2"]
[WhiteElo "2249"]
[BlackElo "2204"]
[PlyCount "60"]
[EventDate "2014.10.03"]
[EventType "team-tourn"]
[EventRounds "11"]
[EventCountry "AUT"]
[SourceTitle "EXT 2015"]
[Source "ChessBase"]
[SourceDate "2014.11.20"]
[SourceVersion "1"]
[SourceVersionDate "2014.11.20"]
[SourceQuality "1"]
[WhiteTeam "St Valentin"]
[BlackTeam "Hartkirchen"]
[WhiteTeamCountry "AUT"]
[BlackTeamCountry "AUT"]

1. e4 d5 2. exd5 Qxd5 3. Nc3 Qd8 4. d4 Nf6 5. Nf3 Bg4 6. Be2 e6 7. h3 Bxf3 8. Bxf3 c6 9. 0-0 Be7 10. Ne2 0-0 11. Nf4 Nbd7 12. Nd3 Qc7 13. Bf4 Bd6 14. Bxd6 Qxd6 15. c3 e5 16. dxe5 Nxe5 17. Nxe5 Qxe5 18. Re1 Qc7 19. Qa4 Qb6 20. Qb4 Qxb4 21. cxb4 Rfe8 22. b5 Rxe1+ 23. Rxe1 cxb5 24. Re7 Rb8 25. Rxb7 Rxb7 26. Bxb7 Ne8 27. Kf1 Kf8 28. Ke2 Ke7 29. Kd3 Kd6 30. Kd4 Nc7 1/2-1/2

[Event "AUT-chT2M 1314"]
[Site "Austria"]
[Date "2014.04.04"]
[Round "9.4"]
[White "Stagl, Marco"]
[Black "Theuretzbacher, Klaus"]
[Result "0-1"]
[WhiteElo "2153"]
[BlackElo "2250"]
[PlyCount "110"]
[EventDate "2013.10.04"]
[EventType "team-tourn"]
[EventRounds "11"]
[EventCountry "AUT"]
[SourceTitle "EXT 2015"]
[Source "ChessBase"]
[SourceDate "2014.11.20"]
[SourceVersion "1"]
[SourceVersionDate "2014.11.20"]
[SourceQuality "1"]
[WhiteTeam "Graz Styria"]
[BlackTeam "St Valentin"]
[WhiteTeamCountry "AUT"]
[BlackTeamCountry "AUT"]

1. d4 Nf6 2. c4 c5 3. Nf3 e6 4. g3 cxd4 5. Nxd4 a6 6. Bg2 Qc7 7. b3 d6 8. 0-0 Be7 9. Bb2 Nc6 10. Nc2 Rb8 11. Nc3 b6 12. e4 0-0 13. Ne3 Bb7 14. Rc1 Ne5 15. Qe2 Rfe8 16. f4 Ned7 17. g4 Nc5 18. Qc2 h6 19. b4 Ncd7 20. Qf2 Rf8 21. h4 Nh7 22. g5 Qd8 23. Bh3 hxg5 24. hxg5 e5 25. fxe5 Nxe5 26. Nf5 Nxg5 27. Bg2 Bf6 28. Qe2 g6 29. Ne3 Bg7 30. Ncd5 Bc8 31. Rcd1 Re8 32. Bd4 Bd7 33. a3 Ne6 34. Ba1 b5 35. c5 dxc5 36. bxc5 Nxc5 37. Qf2 Be6 38. Bxe5 Bxe5 39. Ng4 Bxg4 40. Qxf7+ Kh8 41. Nf4 Bd4+ 42. Kh1 Bh5 43. Rxd4 Qxd4 44. Nxh5 Rf8 45. Qxf8+ Rxf8 46. Rxf8+ Kh7 47. Ng3 Qa1+ 48. Kh2 Qxa3 49. Rf7+ Kg8 50. Rc7 Ne6 51. Rc8+ Kg7 52. e5 Qa2 53. Kg1 Qa1+ 54. Kf2 Qd4+ 55. Kf1 Qf4+ 0-1

[Event "AUT-chT2M 1314"]
[Site "Austria"]
[Date "2014.03.21"]
[Round "6.4"]
[White "Fahrner, Kurt"]
[Black "Theuretzbacher, Klaus"]
[Result "0-1"]
[WhiteElo "2343"]
[BlackElo "2250"]
[PlyCount "64"]
[EventDate "2013.10.04"]
[EventType "team-tourn"]
[EventRounds "11"]
[EventCountry "AUT"]
[SourceTitle "EXT 2015"]
[Source "ChessBase"]
[SourceDate "2014.11.20"]
[SourceVersion "1"]
[SourceVersionDate "2014.11.20"]
[SourceQuality "1"]
[WhiteTeam "Graz Austria"]
[BlackTeam "St Valentin"]
[WhiteTeamCountry "AUT"]
[BlackTeamCountry "AUT"]

1. d4 Nf6 2. Nf3 c5 3. c3 e6 4. Bf4 b6 5. e3 Be7 6. h3 0-0 7. Nbd2 Ba6 8. Bxa6 Nxa6 9. 0-0 Qc8 10. Qe2 d5 11. Ne5 Qb7 12. Qb5 Bd6 13. Nb3 Rab8 14. Nd7 Bxf4 15. Nxf6+ gxf6 16. exf4 c4 17. Nc1 Nc7 18. Qa4 b5 19. Qd1 f5 20. Qh5 Ne8 21. Ne2 Kh8 22. a3 Qe7 23. Rfe1 Nd6 24. Ng3 Qf6 25. Qe2 Ne4 26. Nf1 Qg7 27. Nh2 Rg8 28. g3 Qh6 29. Kg2 Qxf4 30. Rg1 Rg7 31. Kh1 Nxf2+ 32. Kg2 Qxg3+ 0-1

[Event "AUT-chT2M 1314"]
[Site "Austria"]
[Date "2013.10.06"]
[Round "3.5"]
[White "Hiermann, Dietmar"]
[Black "Theuretzbacher, Klaus"]
[Result "1-0"]
[WhiteElo "2276"]
[BlackElo "2250"]
[PlyCount "53"]
[EventDate "2013.10.04"]
[EventType "team-tourn"]
[EventRounds "11"]
[EventCountry "AUT"]
[SourceTitle "CBM 156 Extra"]
[Source "ChessBase"]
[SourceDate "2013.10.22"]
[SourceVersion "1"]
[SourceVersionDate "2013.10.22"]
[SourceQuality "1"]
[WhiteTeam "Sauwald"]
[BlackTeam "St Valentin"]
[WhiteTeamCountry "AUT"]
[BlackTeamCountry "AUT"]

1. e4 a6 2. d4 b5 3. Bd3 e6 4. Nf3 c5 5. c3 Bb7 6. 0-0 d6 7. Nbd2 Nf6 8. Qe2 Qc7 9. Re1 Be7 10. Nf1 Nbd7 11. Ng3 g6 12. Bh6 e5 13. h3 Bf8 14. Qd2 Ng8 15. Bxf8 Nxf8 16. a4 c4 17. Bf1 Rc8 18. axb5 axb5 19. b3 Ne6 20. bxc4 bxc4 21. Reb1 Nd8 22. Rb4 Nc6 23. Rxc4 Qb6 24. d5 Nd8 25. Rb4 Qc5 26. Qb2 Rc7 27. Rc4 1-0

[Event "AUT-chT2M 1213"]
[Site "Austria"]
[Date "2012.10.19"]
[Round "1.5"]
[White "Theuretzbacher, Klaus"]
[Black "Ebner, Hubert"]
[Result "1-0"]
[WhiteElo "2234"]
[BlackElo "2222"]
[PlyCount "89"]
[EventDate "2012.10.19"]
[EventType "team-tourn"]
[EventRounds "11"]
[EventCountry "AUT"]
[SourceTitle "EXT 2013"]
[Source "ChessBase"]
[SourceDate "2012.11.22"]
[SourceVersion "1"]
[SourceVersionDate "2012.11.22"]
[SourceQuality "1"]
[WhiteTeam "St Valentin"]
[BlackTeam "Graz Austria"]
[WhiteTeamCountry "AUT"]
[BlackTeamCountry "AUT"]

1. e4 c5 2. d4 cxd4 3. c3 dxc3 4. Nxc3 Nc6 5. Nf3 d6 6. Bc4 e6 7. 0-0 Be7 8. Qe2 Nf6 9. Rd1 e5 10. h3 0-0 11. Be3 Be6 12. Bb5 Nd7 13. Rac1 a6 14. Ba4 b5 15. Bc2 Rc8 16. Bb1 Nf6 17. g4 Nxg4 18. hxg4 Bxg4 19. Nd5 Re8 20. Kh2 Bf8 21. Rg1 h5 22. Rc3 Nd4 23. Bxd4 exd4 24. Rxc8 Qxc8 25. Qd3 Qd8 26. Rg3 g6 27. Nxd4 Bg7 28. Kg2 Be5 29. Nc6 Qg5 30. Nxe5 Qxe5 31. Qc3 Kg7 32. Qxe5+ dxe5 33. Rc3 h4 34. Rc6 h3+ 35. Kh2 f5 36. Ne3 Bf3 37. Rc7+ Kf6 38. exf5 gxf5 39. Bxf5 Rd8 40. Bxh3 Rd2 41. Rc2 Rd8 42. Bg2 Rh8+ 43. Kg3 Bh5 44. Rc6+ Kg5 45. Rxa6 1-0

[Event "AUT-ch"]
[Site "Linz"]
[Date "2011.07.31"]
[Round "9"]
[White "Theuretzbacher, Klaus"]
[Black "Neubauer, Martin"]
[Result "0-1"]
[WhiteElo "2209"]
[BlackElo "2431"]
[PlyCount "50"]
[EventDate "2011.07.23"]
[EventType "swiss"]
[EventRounds "9"]
[EventCountry "AUT"]
[SourceTitle "CBM 143 Extra"]
[Source "ChessBase"]
[SourceDate "2011.08.29"]
[SourceVersion "1"]
[SourceVersionDate "2011.08.29"]
[SourceQuality "1"]

1. e4 c5 2. b4 cxb4 3. a3 d5 4. exd5 Nf6 5. Nf3 Nxd5 6. d4 Nc6 7. axb4 e5 8. c3 exd4 9. b5 Na5 10. Nxd4 Bc5 11. Ba3 Nxc3 12. Nxc3 Qxd4 13. Qxd4 Bxd4 14. Bb4 Nb3 15. Ra3 Be6 16. Be2 Nc1 17. Ne4 0-0-0 18. Nd6+ Kb8 19. f4 Na2 20. Rxa2 Bxa2 21. Bf3 Kc7 22. Ke2 Rxd6 23. Rc1+ Kd7 24. Bg4+ f5 25. Bxf5+ Be6 0-1

[Event "AUT-ch"]
[Site "Linz"]
[Date "2011.07.28"]
[Round "6"]
[White "Theuretzbacher, Klaus"]
[Black "Poetz, Florian"]
[Result "1-0"]
[WhiteElo "2209"]
[BlackElo "2416"]
[PlyCount "59"]
[EventDate "2011.07.23"]
[EventType "swiss"]
[EventRounds "9"]
[EventCountry "AUT"]
[SourceTitle "CBM 143 Extra"]
[Source "ChessBase"]
[SourceDate "2011.08.29"]
[SourceVersion "1"]
[SourceVersionDate "2011.08.29"]
[SourceQuality "1"]

1. e4 c5 2. d4 cxd4 3. c3 dxc3 4. Nxc3 Nc6 5. Nf3 e6 6. Bc4 a6 7. 0-0 d6 8. Qe2 Nge7 9. Bg5 Qa5 10. Rad1 Ng6 11. Bb3 Nge5 12. Be3 Be7 13. Nd4 0-0 14. f4 Nxd4 15. Rxd4 Nd7 16. a3 Bf6 17. Rxd6 Bxc3 18. bxc3 Qxa3 19. Qd1 Nc5 20. Bc2 Qxc3 21. Bd4 Qc4 22. Rf3 e5 23. Bxe5 f6 24. Rc3 Qb4 25. Rxf6 Be6 26. Rxf8+ Rxf8 27. Qd6 b6 28. f5 Bf7 29. h3 Re8 30. Bxg7 1-0

[Event "Graz op-A 16th"]
[Site "Graz"]
[Date "2009.09.06"]
[Round "9"]
[White "Theuretzbacher, Klaus"]
[Black "Mihevc Mohr, Narcisa"]
[Result "1/2-1/2"]
[WhiteElo "2200"]
[BlackElo "2132"]
[PlyCount "29"]
[EventDate "2009.08.29"]
[EventType "swiss"]
[EventRounds "9"]
[EventCountry "AUT"]
[SourceTitle "CBM 132 Extra"]
[Source "ChessBase"]
[SourceDate "2009.11.03"]
[SourceVersion "1"]
[SourceVersionDate "2009.11.03"]
[SourceQuality "1"]

1. e4 c5 2. b4 cxb4 3. a3 d5 4. exd5 Qxd5 5. Nf3 e5 6. Bb2 Nc6 7. c4 Qe6 8. Bd3 f6 9. 0-0 Bc5 10. Re1 Nge7 11. axb4 Nxb4 12. Bf1 Qb6 13. d4 exd4 14. Bxd4 Nbc6 15. Bxc5 1/2-1/2

[Event "AUT-ch"]
[Site "Jenbach"]
[Date "2009.07.30"]
[Round "6"]
[White "Lehner, Oliver"]
[Black "Theuretzbacher, Klaus"]
[Result "1-0"]
[WhiteElo "2421"]
[BlackElo "2200"]
[PlyCount "49"]
[EventDate "2009.07.25"]
[EventType "swiss"]
[EventRounds "9"]
[EventCountry "AUT"]
[SourceTitle "CBM 131 Extra"]
[Source "ChessBase"]
[SourceDate "2009.09.03"]
[SourceVersion "2"]
[SourceVersionDate "2009.09.16"]
[SourceQuality "1"]

1. d4 Nf6 2. c4 e6 3. Nf3 d5 4. g3 Be7 5. Bg2 0-0 6. 0-0 Nbd7 7. Qc2 c6 8. Nbd2 Re8 9. e4 Nxe4 10. Nxe4 dxe4 11. Qxe4 a5 12. Bd2 Bf6 13. Rad1 a4 14. Rfe1 Qb6 15. Bc3 c5 16. Qe3 cxd4 17. Nxd4 Ne5 18. Nb5 Qxe3 19. Rxe3 Nxc4 20. Re4 Bxc3 21. bxc3 Ra5 22. Nc7 Nb2 23. Rd2 Rf8 24. Rxb2 Bd7 25. Rd4 1-0

[Event "AUT-ch"]
[Site "Jenbach"]
[Date "2009.07.26"]
[Round "2"]
[White "Knoll, Hermann"]
[Black "Theuretzbacher, Klaus"]
[Result "1-0"]
[WhiteElo "2393"]
[BlackElo "2200"]
[PlyCount "85"]
[EventDate "2009.07.25"]
[EventType "swiss"]
[EventRounds "9"]
[EventCountry "AUT"]
[SourceTitle "CBM 131 Extra"]
[Source "ChessBase"]
[SourceDate "2009.09.03"]
[SourceVersion "2"]
[SourceVersionDate "2009.09.16"]
[SourceQuality "1"]

1. d4 Nf6 2. Nf3 e6 3. c4 d5 4. Nc3 Be7 5. Bf4 c6 6. e3 0-0 7. h3 Nbd7 8. c5 Ne4 9. Nxe4 dxe4 10. Nd2 e5 11. dxe5 Nxc5 12. Nc4 Be6 13. Qd4 Qd5 14. 0-0-0 Rfd8 15. Nd6 b6 16. b3 f6 17. Qc3 Nd3+ 18. Bxd3 exd3 19. e4 Qc5 20. Qxc5 bxc5 21. Rxd3 fxe5 22. Bxe5 c4 23. bxc4 Bxc4 24. Rd2 Bxd6 25. Bxd6 Bxa2 26. f4 a5 27. g4 a4 28. Re1 Bc4 29. Ba3 Rab8 30. Re3 Rxd2 31. Kxd2 Rb3 32. e5 h5 33. gxh5 Be6 34. h4 Kh7 35. Rxb3 axb3 36. Ke3 c5 37. Ke4 g6 38. hxg6+ Kxg6 39. h5+ Kxh5 40. f5 Bc4 41. e6 Kh6 42. Ke5 Kg7 43. f6+ 1-0